| 000 | 00446cam a2200181 4500 | ||
|---|---|---|---|
| 001 | D13219 | ||
| 008 | 090401t1927 xxu||||| |||| 00| 0 eng d | ||
| 035 | _a(Sirsi) u8530 | ||
| 041 | _aeng | ||
| 100 | _aLeach, Robert | ||
| 245 | 4 | _aThe Rating and Valuation Act, 1925 | |
| 260 |
_aLondon _bLaw and Local Government Publications Lt _c1927 |
||
| 350 | _a0 | ||
| 520 | _aShelf 118 | ||
| 700 | _aLeach, C.A. | ||
| 942 | _n0 | ||
| 948 | _c04/03/1997 | ||
| 999 |
_c86526 _d86526 |
||